El pensamiento cristiano
Guardat en:
| Autor principal: | |
|---|---|
| Format: | Llibre |
| Idioma: | espanyol |
| Publicat: |
Barcelona
Oikos-tau
1978
|
| Col·lecció: | Qué sé?, 123
|
| Matèries: | |
| Etiquetes: |
Afegir etiqueta
Sense etiquetes, Sigues el primer a etiquetar aquest registre!
|
MARC
| LEADER | 00000nam a2200000 a 4500 | ||
|---|---|---|---|
| 001 | UCY7279 | ||
| 003 | CL-VaPUC | ||
| 008 | 950609e19780000SP |||||||||||||||||spa|d | ||
| 082 | 0 | 4 | |a 230 |b ROU |2 21 |
| 100 | 0 | |a Rousseau, Hervé |e author |9 337685 | |
| 245 | 1 | 3 | |a El pensamiento cristiano |
| 300 | |a 127 p | ||
| 942 | |c BK | ||
| 945 | |d 19950609 00:00:00 |a cmena | ||
| 260 | |a Barcelona |b Oikos-tau |c 1978 | ||
| 650 | 0 | |a Cristianismo |9 257361 | |
| 650 | 7 | |a RELIGIONES MODERNAS |2 CL-VaPUC |9 337686 | |
| 650 | 0 | |a Judaísmo |9 269348 | |
| 650 | 0 | |a Judíos |9 313771 | |
| 650 | 0 | |a Creencia |9 334586 | |
| 650 | 0 | |a Teología |9 258766 | |
| 650 | 0 | |a Cristianos |9 257805 | |
| 583 | |a last modification |c 19950609 00:00:00 |k Rodrigo Vera | ||
| 490 | 0 | |a Qué sé?, 123 | |
| 999 | |c 234694 |d 234692 | ||
| 952 | |0 0 |1 0 |4 0 |6 230_000000000000000_ROU_1978 |7 0 |8 A |9 241313 |a BIBTEO |b BIBTEO |d 2019-11-18 |i 2091887 |o 230 ROU 1978 |p 2091887 |r 2025-01-17 |w 2019-11-18 |y BK |k ICR | ||